Italian cities quiz - Statistics

General Stats
  • This quiz has been taken 149 times
  • The average score is 12 of 15
Answer Stats
Hint City % Correct
The Colosseum is found here Rome
98%
Where bolognese originates from Bologna
94%
Capital of Sicily Palermo
94%
Has a famous leaning tower Pisa
93%
Where the rennaissance was sparked Florence
91%
Romeo and Juliet is set here Verona
89%
Birthplace of Christopher Columbus Genoa
87%
Juventus play their football in this city Turin
86%
Financial centre of Italy Milan
84%
Once known as the "Queen of the Adriatic" Venice
80%
Largest city in Southeast Italy Bari
76%
Biggest city and capital of Sardinia Cagliari
72%
A type of ham shares it's name with this city and originates there Parma
69%
It is overlooked by Mount Etna Catania
64%
Was the capital of the "Kingdom of the Two Sicilies" Naples
53%
No matching quizzes found
Score Distribution
Percent of People with Each Score
Percentile by Number Answered
Your Score History
You have not taken this quiz